000 00335 a2200145 4500
001 92054
082 _b620.112 VEN
090 _c44014
_d44013
100 _aVenkatesh, T. S.
245 _aStrength of Materials, 2e
250 _a2
260 _aIndia
_bCRC Press
_c2014
300 _axviii, 753p.
_bHb
500 _aReference book
942 _aCAE NUST
_k620.112 VEN
999 _c327127
_d327127